| 000 | 00608nam a22001577a 4500 | ||
|---|---|---|---|
| 003 | OSt | ||
| 005 | 20161111143300.0 | ||
| 008 | 161111b xxu||||| |||| 00| 0 eng d | ||
| 040 | _cRUA | ||
| 082 | _aVEM SEN 1994 B009 Or.1 | ||
| 100 |
_911280 _aSENG MOM; សេង មុំ |
||
| 245 | _aParasitologic survey on pigs in ponhea leu district province of kandal; ការអង្កេតជំងឺបរាសិតលើជ្រូកក្នុងស្រុកពញាុឮ ខេត្តកណ្ដាល | ||
| 260 |
_aPHNOM PENH _bSEN _c1994 |
||
| 300 |
_a84p. _bill. _c29cm. |
||
| 942 |
_2ddc _cVEM |
||
| 999 |
_c10849 _d10849 |
||